|
|
|
|
| LEADER |
00000nab a2200000uu 4500 |
| 001 |
vtls010891261 |
| 003 |
SK-MaSNL |
| 005 |
20260303135544.0 |
| 008 |
230218|1995 xo |||||||||||||||||eng| |
| 015 |
|
|
|a SNBRB
|
| 035 |
|
|
|a (urnnbn)urn:nbn:sk:snk:ar-0063us
|
| 035 |
|
|
|a (uuid)f8c3c415-8516-4eea-9887-e10cfad81e94
|
| 035 |
|
|
|a urn:nbn:sk:snk-ab8l3a
|
| 040 |
|
|
|a SNKBUCL
|b slo
|c SNKBUCL
|e AACR2
|
| 041 |
0 |
|
|a eng
|
| 044 |
|
|
|a xo
|c SK
|
| 100 |
1 |
|
|a Buntner, B.
|4 aut
|9 1146209
|
| 245 |
1 |
0 |
|a Circadian Variations of Pituitary-Testicular Axis Hormones, Sm-C and SHBG in Active Acromegaly after Radiotherapy
|c B. Buntner, B. Kos-Kudla, K. Zwirska-Korczala, Z. Ostrowska
|
| 700 |
1 |
|
|a Kos, B.-Kudla
|4 aut
|9 1146332
|
| 700 |
1 |
|
|a Żwirska, K.-Korzala
|4 aut
|9 1146212
|
| 700 |
1 |
|
|a Ostrowska, Z.
|4 aut
|9 1146213
|
| 773 |
0 |
|
|t Endocrine regulations
|g Roč. 29, č. 1 (1995), s. 3-12
|
| 958 |
|
|
|a OND
|
| 958 |
|
|
|a EUIPO
|
| 958 |
|
|
|a article10
|
| 999 |
|
|
|c 1966526
|d 1968456
|